00655nam a22001937a 450000500170000001000150001702000260003203500130005803700130007108200130008410000210009724501170011826000300023527000680026530000380033350000510037160000330042270000060045520140731114346.0 aENG-110060 a9789380607443c995.00 aEN-93593 bDBAD/PUB a954.8021 aHall, Kenneth R. aNetworks of trade, polity, and societal integration in Chola-era South India, c. 875-1279 /cby Kenneth R. Hall  aDelhibPrimus Booksc2014 aVirat Bhavan, Mukherjee Nagar Commercial ComplexbDelhie110009 axiii,277p. :bill.,mapsc24cm(Hb) aIncludes bibliographical references and index. a Choḷa dynasty,d850-1279. a